000 00407nam a2200121Ia 4500
008 160712s9999 xx 000 0 und d
100 _aHuggins, Jacqueline.
245 _cJacqueline Huggins
_aArt Collecting or Recycling?
260 _c2013
_bPhilippine Social Sciences Review
300 _avol. 65 no. 1
650 _xBOOK REVIEW
856 _uhttp://journals.upd.edu.ph/index.php/pssr/issue/view/421/showToc
999 _c297383
_d297383